| 000 | 01760nam a2200481 i 4500 | ||
|---|---|---|---|
| 001 | 5694 | ||
| 003 | KOSZ 005 | ||
| 005 | 20240405062952.0 | ||
| 008 | 970625s1993 pl |000 0 pol | ||
| 015 | _aUWD 1994/4482 | ||
| 020 | _a8321906494 | ||
| 035 | _a991000318009705066 | ||
| 035 | _a(PL-WaBN)b10128177-48omnis_nlop | ||
| 035 | _ab10128177 | ||
| 035 | _a(OCoLC)749681777 | ||
| 035 | _azz2005871564 | ||
| 035 | _a(PL)b0000001012817 | ||
| 035 | _a(EXLNZ-48OMNIS_NETWORK)9910123811505606 | ||
| 040 |
_aWA N _cWA N _dKOSZ 005/HR |
||
| 046 | _k1993 | ||
| 080 | _a347.77(438) | ||
| 100 | 1 |
_aKotarba, Wiesław _d(1947- ) _eAutor |
|
| 245 | 1 | 0 |
_aOchrona własności przemysłowej : _bwynalazki, wzory zdobnicze, wzory użytkowe, topografia układów scalonych, rzecznicy patentowi : podstawowe przepisy prawne, objaśnienia, orzecznictwo, piśmiennictwo / _cWiesław Kotarba, Tadeusz Żyznowski. |
| 250 | _aStan prawny na dzień 30 kwietnia 1993 r. | ||
| 260 |
_aWarszawa : _bWydawnictwo Prawnicze, _c1993. |
||
| 300 |
_a119, [1] s. ; _c21 cm. |
||
| 336 |
_aTekst _btxt _2rdacontent |
||
| 337 |
_aBez urządzenia pośredniczącego _bn _2rdamedia |
||
| 338 |
_aWolumin _bnc _2rdacarrier |
||
| 380 | _aKsiążki | ||
| 388 | _a1901-2000 | ||
| 388 | _a1989-2000 | ||
| 648 | 7 | _a1901-2000 | |
| 648 | 7 | _a1989-2000 | |
| 650 | 7 |
_aPrawo własności przemysłowej _2DBN |
|
| 651 | 7 | _aPolska | |
| 658 | _aPrawo i wymiar sprawiedliwości | ||
| 700 | 1 |
_aŻyznowski, Tadeusz _d(1937- ) _eAutor |
|
| 710 | 2 |
_aWydawnictwo Prawnicze _4pbl |
|
| 856 |
_uhttp://koha.tu.koszalin.pl/cgi-bin/koha/opac-detail.pl?biblionumber=5694 _yKatalog online BPK |
||
| 942 |
_2UKD _cKS |
||
| 999 |
_c5694 _d5694 |
||